Mis montañas /
Guardado en:
| Autor Principal: | |
|---|---|
| Formato: | Libro |
| Publicado: |
Argentina :
Kapelusz,
1965
|
| Edición: | 7a. ed. |
| Series: | Grandes Obras de la Lit. Univ.1
|
| Materias: | |
| Etiquetas: |
Agregar Etiqueta
Sin Etiquetas, Sea el primero en etiquetar este registro!
|
| LEADER | 00623nam a22002055a 4500 | ||
|---|---|---|---|
| 001 | CEM.cems002993 | ||
| 005 | 19000101000000.0 | ||
| 008 | 130507s1965##################000#0#####d | ||
| 003 | CEMS | ||
| 082 | 0 | 4 | |a A868 |
| 100 | 1 | |a González, Joaquín V. | |
| 245 | 1 | 0 | |a Mis montañas / |c Joaquín V. González |
| 250 | |a 7a. ed. | ||
| 260 | |a Argentina : |b Kapelusz, |c 1965 | ||
| 300 | |a 167 p. | ||
| 490 | 0 | |a Grandes Obras de la Lit. Univ.1 | |
| 653 | |a Literatura | ||
| 653 | |a Literatura argentina | ||
| 859 | |a CEMS |b BIB. CEMS - 11 de abril |h A868 |i G589a7m |p 9448.81 |t Ej.1 | ||
| 859 | |a CEMS |b BIB. CEMS - 11 de abril |h A868 |i G589a7m |p 9463.81 |t Ej.2 | ||
